Kokkolan naapurikunnat - Statistics

Yleistilastot
  • Tätä visaa on pelattu 4 kertaa
  • Keskiarvotulos 4 / 8
Vastaustilastot
Kunta % Oikein
Kalajoki
75%
Kaustinen
75%
Kannus
50%
Kruunupyy
50%
Toholampi
50%
Halsua
25%
Lestijärvi
25%
Luoto
25%
Ehtoja vastaavia visoja ei löytynyt
Tulosjakauma
Jokaisen tuloksen saaneiden osuus
Persentiili vastausten määrän mukaan
Tuloshistoriasi
Et ole pelannut tätä visaa